00245nam a2200097Ia 4500008004100000100002300041245002100064260003400085300000900119650001900128190216s9999||||xx |||||||||||||| ||und|| aAyyappa Panicker K 2aA Pride Of Poets bOxford University Pressc1980 a147p aEnglish Poetry